Business statistics / (Record no. 139)
[ view plain ]
| 000 -LEADER | |
|---|---|
| fixed length control field | 00485nam a2200169 4500 |
| 001 - CONTROL NUMBER | |
| control field | 154 |
| 005 - DATE AND TIME OF LATEST TRANSACTION | |
| control field | 20181127160632.0 |
| 020 00 - INTERNATIONAL STANDARD BOOK NUMBER | |
| International Standard Book Number | 8180543277 |
| 090 00 - LOCALLY ASSIGNED LC-TYPE CALL NUMBER (OCLC); LOCAL CALL NUMBER (RLIN) | |
| Classification number (OCLC) (R) ; Classification number, CALL (RLIN) (NR) | 519.5008658 G9775b 2007 |
| 100 00 - MAIN ENTRY--PERSONAL NAME | |
| Personal name | Gupta, S. P. |
| 245 00 - TITLE STATEMENT | |
| Title | Business statistics / |
| Remainder of title | |
| Statement of responsibility, etc. | Dr. S.P. Gupta & Dr. M.P. Gupta. |
| Medium | |
| 250 00 - EDITION STATEMENT | |
| Edition statement | 14th enlarged ed. |
| 260 00 - PUBLICATION, DISTRIBUTION, ETC. | |
| Place of publication, distribution, etc. | New Delhi : |
| Name of publisher, distributor, etc. | Sultan Chand & Sons, |
| Date of publication, distribution, etc. | 2007 |
| 300 00 - PHYSICAL DESCRIPTION | |
| Extent | xxii, 712 p. |
| 650 00 - SUBJECT ADDED ENTRY--TOPICAL TERM | |
| Topical term or geographic name entry element | Commercial statistics. |
| General subdivision | |
| 700 ## - ADDED ENTRY--PERSONAL NAME | |
| Personal name | Gupta, M. P. |
| Numeration | |
| Titles and other words associated with a name | |
| Dates associated with a name | |
| Relator term | |
| Form subheading | |
| Language of a work | |
| Medium of performance for music | |
| Number of part/section of a work | |
| Arranged statement for music | |
| Name of part/section of a work | |
| Fuller form of name | |
| Key for music | |
| Version | |
| Title of a work | |
| Withdrawn status | Lost status | Source of classification or shelving scheme | Damaged status | Not for loan | Collection code | Home library | Current library | Shelving location | Date acquired | Cost, normal purchase price | Serial Enumeration / chronology | Inventory number | Total Checkouts | Total Renewals | Full call number | Barcode | Date last seen | Date last checked out | Copy number | Price effective from | Koha item type | Checked out |
|---|---|---|---|---|---|---|---|---|---|---|---|---|---|---|---|---|---|---|---|---|---|---|
| Dewey Decimal Classification | Main TEST | RTC Library | RTC Library | Main opac | 15/04/2022 | 275.00 | 1990 | 7 | 5 | 519.5008 GUP | 30005813 | 10/04/2026 | 16/03/2026 | 8 | 27/11/2018 | Main | ||||||
| Dewey Decimal Classification | Main TEST | RTC Library | RTC Library | Main opac | 15/04/2022 | 275.00 | 1991 | 5 | 3 | 519.5008 GUP | 30000020 | 10/03/2026 | 10/03/2026 | 6 | 27/11/2018 | Main | 02/06/2026 | |||||
| Dewey Decimal Classification | Main TEST | RTC Library | RTC Library | Main opac | 15/04/2022 | 275.00 | 1997 | 6 | 11 | 519.5008 GUP | 30002441 | 24/02/2025 | 24/02/2025 | 3 | 27/11/2018 | Main | 04/06/2026 | |||||
| Missing | Dewey Decimal Classification | Main TEST | RTC Library | RTC Library | Main opac | 04/04/2022 | 275.00 | 1989 | 519.5008658 G9775b 2007 | 30003426 | 27/11/2018 | 5 | 27/11/2018 | Main | ||||||||
| Dewey Decimal Classification | Main TEST | RTC Library | RTC Library | Main opac | 01/03/2021 | 275.00 | 1994 | 3 | 519.5008 GUP | 30006113 | 01/12/2022 | 24/11/2022 | 9 | 27/11/2018 | Main |